5HLuxD.jpg

KING HENRY VIII SENIOR AND PRIMARY SCHOOL LIBRARY OPAC

Pride and prejudice / (Record no. 5166)

000 -LEADER
fixed length control field 01863cam a2200373Ma 4500
001 - CONTROL NUMBER
control field .b25932159
003 - CONTROL NUMBER IDENTIFIER
control field OCoLC
005 - DATE AND TIME OF LATEST TRANSACTION
control field 20250815105031.0
008 - FIXED-LENGTH DATA ELEMENTS--GENERAL INFORMATION
fixed length control field 161125s2010 enk 000 1 eng
020 ## - INTERNATIONAL STANDARD BOOK NUMBER
International Standard Book Number 9780007350773
Qualifying information (pbk.)
020 ## - INTERNATIONAL STANDARD BOOK NUMBER
International Standard Book Number 0007350775
035 ## - SYSTEM CONTROL NUMBER
System control number (OCoLC)692072650
040 ## - CATALOGING SOURCE
Original cataloging agency AU@
Language of cataloging eng
Transcribing agency AU@
Modifying agency YDXCP
-- UKMGB
-- OCLCO
-- BTCTA
-- UA@
-- OCLCF
-- CHVBK
-- OCLCO
-- ATMAZ
-- OCLCO
-- OCLCQ
-- OCLCO
-- RDI
-- KH8
042 ## - AUTHENTICATION CODE
Authentication code nbic
043 ## - GEOGRAPHIC AREA CODE
Geographic area code e-uk-en
082 04 - DEWEY DECIMAL CLASSIFICATION NUMBER
Classification number 823.7 AUS
Edition number 22
100 1# - MAIN ENTRY--PERSONAL NAME
Personal name Austen, Jane,
Relator term author.
245 10 - TITLE STATEMENT
Title Pride and prejudice /
Statement of responsibility, etc. Jane Austen.
260 ## - PUBLICATION, DISTRIBUTION, ETC.
Place of publication, distribution, etc. London :
Name of publisher, distributor, etc. Harper Press,
Date of publication, distribution, etc. 2010.
300 ## - PHYSICAL DESCRIPTION
Extent viii, 402 pages ;
Dimensions 18 cm.
336 ## - CONTENT TYPE
Content type term text
Content type code txt
Source rdacontent.
337 ## - MEDIA TYPE
Media type term unmediated
Media type code n
Source rdamedia.
338 ## - CARRIER TYPE
Carrier type term volume
Carrier type code nc
Source rdacarrier.
490 0# - SERIES STATEMENT
Series statement Collins classics.
520 ## - SUMMARY, ETC.
Summary, etc. Elizabeth Bennet, full of vivacity and wit, lives a quiet country existence with her four sisters. To the delight of their mother, determined to find her daughters suitable of their mother, determined to find her daughters suitable matches, the eligible Mr Darcy and Mr Bingley arrive in the neighbourhood, bringing with them dancing, welth and opportunity. Unimoressed at first by Darcy's haughty air, Elizabeth vows to have nothing to do woth him. But as she makes her own errors of judgement, the pair begin to understand each other, and come to relise that first impressions are not always as they seem.
650 #0 - SUBJECT ADDED ENTRY--TOPICAL TERM
Topical term or geographic name entry element Social classes
Geographic subdivision England
General subdivision History
Form subdivision Fiction.
650 #0 - SUBJECT ADDED ENTRY--TOPICAL TERM
Topical term or geographic name entry element Gentry
Geographic subdivision England
Form subdivision Fiction.
651 #0 - SUBJECT ADDED ENTRY--GEOGRAPHIC NAME
Geographic name England
General subdivision Social life and customs
Chronological subdivision 19th century
Form subdivision Fiction.
651 #7 - SUBJECT ADDED ENTRY--GEOGRAPHIC NAME
Geographic name England
General subdivision Social life and customs
Chronological subdivision 19th century
Form subdivision Fiction.
Authority record control number or standard number (DE-588)4014770-8
Source of heading or term gnd.
655 #7 - INDEX TERM--GENRE/FORM
Genre/form data or focus term Fiction.
Source of term fast
Authority record control number or standard number (OCoLC)fst01423787.
655 #7 - INDEX TERM--GENRE/FORM
Genre/form data or focus term History.
Source of term fast
Authority record control number or standard number (OCoLC)fst01411628.
655 #7 - INDEX TERM--GENRE/FORM
Genre/form data or focus term Classic.
Source of term lcgft.
942 ## - ADDED ENTRY ELEMENTS (KOHA)
Source of classification or shelving scheme
Koha item type Class Set Novel
Holdings
Withdrawn status Lost status Source of classification or shelving scheme Damaged status Not for loan Collection code Permanent Location Current Location Shelving location Date acquired Full call number Barcode Date last seen Price effective from Koha item type Total Checkouts Date due Date last checked out
          Teaching Resources KH8 Senior School Library KH8 Senior School Library Staff Office 2025-08-15 823.7 AUS CSKHSL000311 2025-08-15 2025-08-15 Class Set Novel      
          Teaching Resources KH8 Senior School Library KH8 Senior School Library Staff Office 2025-08-15 823.7 AUS CSKHSL000312 2025-11-13 2025-08-15 Class Set Novel 1 2026-07-03 2025-11-13
          Teaching Resources KH8 Senior School Library KH8 Senior School Library Staff Office 2025-08-15 823.7 AUS CSKHSL000313 2025-08-15 2025-08-15 Class Set Novel      
          Teaching Resources KH8 Senior School Library KH8 Senior School Library Staff Office 2025-08-15 823.7 AUS CSKHSL000314 2025-08-15 2025-08-15 Class Set Novel      
          Teaching Resources KH8 Senior School Library KH8 Senior School Library Staff Office 2025-08-15 823.7 AUS CSKHSL000315 2025-11-13 2025-08-15 Class Set Novel 1 2026-07-03 2025-11-13

Powered By KH8 IT Dept